[Event "IRL-ch U16"]
[Site "Dublin"]
[Date "2019.04.12"]
[Round "1"]
[White "Phelan, Leo"]
[Black "McKay, Jonathan"]
[Result "0-1"]
[WhiteElo "1670"]
[BlackElo "1550"]
[PlyCount "54"]
[EventDate "2019.04.12"]
[EventType "swiss"]
[EventRounds "6"]
[EventCountry "IRL"]
[SourceTitle "EXT 2021"]
[Source "ChessBase"]
[SourceDate "2020.10.23"]
[SourceVersion "1"]
[SourceVersionDate "2020.10.23"]
[SourceQuality "1"]

1. e4 d6 2. d4 Nf6 3. Nc3 g6 4. Be3 Bg7 5. f3 c6 6. Qd2 b5 7. g4 Nbd7 8. d5 cxd5 9. Nxd5 Nxd5 10. Qxd5 Rb8 11. Bd4 Bb7 12. Bxg7 Bxd5 13. Bxh8 Bc6 14. Ne2 f6 15. Bg7 Kf7 16. Bh6 g5 17. h4 Kg6 18. hxg5 fxg5 19. Nd4 Ne5 20. Bxg5 Qb6 21. Be3 Nxf3+ 22. Kf2 Nxd4 23. c3 Rf8+ 24. Ke1 Nc2+ 25. Kd2 Qxe3+ 26. Kxc2 Bxe4+ 27. Kb3 Bxh1 0-1

[Event "Robinson Cup U14"]
[Site "Cardiff"]
[Date "2017.07.25"]
[Round "3.5"]
[White "Jaufarally, Nadia"]
[Black "Phelan, Leo"]
[Result "1-0"]
[WhiteElo "1657"]
[BlackElo "1572"]
[PlyCount "111"]
[EventDate "2017.07.24"]
[EventType "team-tourn"]
[EventRounds "5"]
[EventCountry "WLS"]
[SourceTitle "EXT 2023"]
[Source "ChessBase"]
[SourceDate "2022.10.05"]
[SourceVersion "1"]
[SourceVersionDate "2022.10.05"]
[SourceQuality "1"]
[WhiteTeam "England U14"]
[BlackTeam "Ireland U14 II"]
[WhiteTeamCountry "ENG"]
[BlackTeamCountry "IRL"]

1. d4 Nf6 2. Bf4 g6 3. e3 Bg7 4. Be2 0-0 5. Nf3 c5 6. c3 Qb6 7. Qb3 d6 8. Nbd2 Be6 9. Qc2 Nc6 10. Ng5 Bd7 11. 0-0 h6 12. Nge4 cxd4 13. Nxf6+ Bxf6 14. exd4 Bg7 15. Bc4 Bf5 16. Qb3 Qc7 17. Rfe1 Na5 18. Qb4 Nxc4 19. Qxc4 Qxc4 20. Nxc4 Be6 21. Na5 Rfc8 22. Re2 b6 23. Nb3 g5 24. Bg3 Bf6 25. Nd2 d5 26. Rae1 a5 27. Nf3 Ra7 28. h3 b5 29. Ne5 Rb7 30. Nd3 Bf5 31. Nc5 Ra7 32. Be5 Bxe5 33. Rxe5 e6 34. g4 Bg6 35. h4 gxh4 36. f4 b4 37. f5 exf5 38. gxf5 Bh5 39. Rxd5 Kh7 40. Kh2 Bf3 41. Rde5 Rg8 42. f6 Rg2+ 43. Kh3 Rxb2 44. Rg1 h5 45. Rg7+ Kh6 46. Re8 Bg4+ 47. Kxh4 Rh2+ 48. Kg3 Rh3+ 49. Kg2 Ra8 50. Rxa8 Bf3+ 51. Kxh3 Bxa8 52. c4 Bf3 53. d5 Bd1 54. d6 a4 55. d7 b3 56. d8Q 1-0

[Event "Robinson Cup U14"]
[Site "Cardiff"]
[Date "2017.07.25"]
[Round "4.5"]
[White "Phelan, Leo"]
[Black "Moracchini, Margaux"]
[Result "0-1"]
[WhiteElo "1572"]
[BlackElo "1673"]
[PlyCount "120"]
[EventDate "2017.07.24"]
[EventType "team-tourn"]
[EventRounds "5"]
[EventCountry "WLS"]
[SourceTitle "EXT 2023"]
[Source "ChessBase"]
[SourceDate "2022.10.05"]
[SourceVersion "1"]
[SourceVersionDate "2022.10.05"]
[SourceQuality "1"]
[WhiteTeam "Ireland U14 II"]
[BlackTeam "France U14"]
[WhiteTeamCountry "IRL"]
[BlackTeamCountry "FRA"]

1. e4 c5 2. Nc3 Nc6 3. f4 e6 4. Nf3 g6 5. Bb5 Nge7 6. 0-0 Bg7 7. Qe1 a6 8. Bxc6 Nxc6 9. d3 0-0 10. Qg3 d5 11. e5 b5 12. Bd2 Ne7 13. Qh3 Bb7 14. g4 Qd7 15. g5 Rfc8 16. Nd1 d4 17. Nf2 Bxf3 18. Qxf3 Qd5 19. Qh3 Qd8 20. Ng4 Nf5 21. Nf6+ Bxf6 22. gxf6 Qd5 23. a4 c4 24. Rfc1 c3 25. bxc3 dxc3 26. Be3 b4 27. Rcb1 a5 28. Rb3 Rc6 29. Kf2 Rac8 30. Rg1 h6 31. Qf3 Qxf3+ 32. Kxf3 Rd8 33. Bf2 Rd5 34. Re1 Kh7 35. h4 g5 36. hxg5 hxg5 37. Re4 Rc8 38. fxg5 Kg6 39. Rb1 Rh8 40. Rbe1 Rc8 41. Rb1 Rh8 42. Rbe1 Rh3+ 43. Kg2 Rh5 44. Rg4 Rxg5 45. Rxg5+ Kxg5 46. Be3+ Nxe3+ 47. Rxe3 Kf4 48. Kf2 Rxe5 49. Rf3+ Kg5 50. d4 Rf5 51. Kg2 Rxf3 52. Kxf3 Kxf6 53. Ke2 Kf5 54. Kd3 Kf4 55. Ke2 Ke4 56. Kd1 Kxd4 57. Kc1 f5 58. Kd1 f4 59. Ke2 f3+ 60. Kxf3 b3 0-1